Cultivando la educación agroecológica : el huerto colectivo urbano como espacio educativo (Record no. 162262)

MARC details
000 -CABECERA
campo de control de longitud fija 00631nab a2200205 a 4500
005 - FECHA Y HORA DE LA ÚLTIMA TRANSACCIÓN
campo de control 20210219161707.0
008 - ELEMENTOS DE LONGITUD FIJA--INFORMACIÓN GENERAL
campo de control de longitud fija 991125s1985 mx 000 0 spa u
035 ## - NÚMERO DE CONTROL DEL SISTEMA
Número de control de sistema UPN01000190159
222 ## - TÍTULO CLAVE
Título clave REVISTA MEXICANA DE INVESTIGACION EDUCATIVA
245 ## - MENCIÓN DE TÍTULO
Título Cultivando la educación agroecológica : el huerto colectivo urbano como espacio educativo
300 ## - DESCRIPCIÓN FÍSICA
Extensión 1201-1224
362 0# - FECHAS DE PUBLICACIÓN Y/O DESIGNACIÓN SECUENCIAL
Fecha de publicación y/o designación secuencial 2012 Vol. 17, no. 55 (4), oct.-dic.
653 0# - TERMINO DE INDIZACION - NO CONTROLADO
Término no controlado SUSTENTABILIDAD
653 0# - TERMINO DE INDIZACION - NO CONTROLADO
Término no controlado AGROECOLOGIA URBANA
653 0# - TERMINO DE INDIZACION - NO CONTROLADO
Término no controlado JALAPA, MEXICO
653 0# - TERMINO DE INDIZACION - NO CONTROLADO
Término no controlado EDUCACION SUPERIOR
700 1# - ASIENTO SECUNDARIO--NOMBRE DE PERSONAL
Nombre de persona Mercon, Juliana,
700 1# - ASIENTO SECUNDARIO--NOMBRE DE PERSONAL
Término indicativo de función/relación coaut.
905 ## - TIPO DE MATERIAL
Tipo de material Articulo

No items available.